[Event "Skakligaen 2022-23"]
[Site "Denmark"]
[Date "2023.03.25"]
[Round "8.4"]
[White "Christensen, Stefan"]
[Black "Sylvan, Jacob"]
[Result "0-1"]
[WhiteElo "2293"]
[BlackElo "2310"]
[PlyCount "114"]
[EventDate "2022.10.29"]
[EventType "team-tourn"]
[EventRounds "9"]
[EventCountry "DEN"]
[SourceTitle "Live v. Kasper Jerwiarz"]
[WhiteTeam "Obro"]
[BlackTeam "Nordkalotten"]

1. e4 c5 2. c3 g6 3. d4 cxd4 4. cxd4 d5 5. e5 f6 6. f4 Nh6 7. Nc3 Bg7 8. Qb3 e6
9. Nf3 O-O 10. Be2 Nc6 11. O-O Nf5 12. Rd1 Qe7 13. Kh1 Bd7 14. Qc2 Rac8 15. a3
Qd8 16. Qd3 Na5 17. Rb1 a6 18. Bd2 Nc4 19. Be1 fxe5 20. dxe5 Qb6 21. Rdc1 Bc6
22. Bd1 Qe3 23. Qxe3 Nfxe3 24. Ne2 d4 25. Nexd4 Rxf4 26. Nxe6 Rg4 27. Bg3 Bh6
28. Bb3 b5 29. Re1 Bd5 30. Ned4 Nxg2 31. Kxg2 Rxd4 32. Bxc4 Rcxc4 33. Kf2 Rd3
34. Nh4 Rc2+ 35. Re2 Rxe2+ 36. Kxe2 Rd2+ 37. Ke1 Be4 38. Rc1 Re2+ 39. Kxe2 Bxc1
40. b3 Bxa3 41. Nf3 Bxf3+ 42. Kxf3 Kf7 43. Ke4 Ke6 44. Be1 Bb2 45. Ba5 Bxe5 46.
h3 h5 47. Bb6 g5 48. Bd8 g4 49. hxg4 hxg4 50. Bb6 Bd6 51. Ba5 g3 52. Bb6 Bb4
53. Kf3 Be1 54. Bc7 Kd5 55. Bb6 Bf2 56. Ba5 Kc5 57. Kg2 b4 0-1

[Event "Skakligaen 2022-23"]
[Site "Denmark"]
[Date "2023.03.25"]
[Round "8.5"]
[White "Schmidt, Kristen"]
[Black "Rasmussen, Casper Dahl"]
[Result "0-1"]
[WhiteElo "2273"]
[BlackElo "2289"]
[PlyCount "64"]
[EventDate "2022.10.29"]
[EventType "team-tourn"]
[EventRounds "9"]
[EventCountry "DEN"]
[SourceTitle "Live v. Kasper Jerwiarz"]
[WhiteTeam "Nordkalotten"]
[BlackTeam "Obro"]

1. e4 e5 2. Nf3 Nf6 3. d4 Nxe4 4. Bd3 d5 5. Nxe5 Nd7 6. O-O Bd6 7. Nxd7 Bxd7 8.
c4 c6 9. Nc3 Nxc3 10. bxc3 O-O 11. cxd5 cxd5 12. Qh5 g6 13. Qxd5 Qc7 14. c4 Be6
15. Qf3 Bxc4 16. Bh6 Rfc8 17. Rfc1 b5 18. Be4 Rab8 19. Qf6 Bf8 20. Bf4 Rb6 21.
Qh4 Qd7 22. Rd1 Bd5 23. Bd3 b4 24. Bh6 Bxh6 25. Qxh6 Qg4 26. Qh3 Qxh3 27. gxh3
a5 28. a3 b3 29. Rac1 Rxc1 30. Rxc1 b2 31. Rd1 Rc6 32. Kf1 Rc1 0-1

[Event "Skakligaen 2022-23"]
[Site "Denmark"]
[Date "2023.03.25"]
[Round "8.6"]
[White "Hansen, Soren Bech"]
[Black "Kristensen, Kaare Hove"]
[Result "1/2-1/2"]
[WhiteElo "2275"]
[BlackElo "2267"]
[PlyCount "51"]
[EventDate "2022.10.29"]
[EventType "team-tourn"]
[EventRounds "9"]
[EventCountry "DEN"]
[SourceTitle "Live v. Kasper Jerwiarz"]
[WhiteTeam "Obro"]
[BlackTeam "Nordkalotten"]

1. e4 c5 2. Nf3 Nf6 3. e5 Nd5 4. c3 d6 5. d4 cxd4 6. cxd4 Nc6 7. Bc4 dxe5 8.
dxe5 Nb6 9. Qxd8+ Nxd8 10. Bb5+ Bd7 11. Nc3 a6 12. Bxd7+ Nxd7 13. Bf4 e6 14.
O-O-O Nc6 15. Ne4 h6 16. h4 Nc5 17. Rhe1 Rd8 18. Rxd8+ Kxd8 19. Nxc5 Bxc5 20.
Be3 Bxe3+ 21. Rxe3 Ke7 22. Rb3 Na5 23. Rc3 Nc6 24. Rb3 Na5 25. Rc3 Nc6 26. Rb3
1/2-1/2

[Event "Skakligaen 2022-23"]
[Site "Denmark"]
[Date "2023.03.25"]
[Round "8.7"]
[White "Jakobsen, Peter"]
[Black "Larsen, Karsten"]
[Result "0-1"]
[WhiteElo "2175"]
[BlackElo "2241"]
[PlyCount "56"]
[EventDate "2022.10.29"]
[EventType "team-tourn"]
[EventRounds "9"]
[EventCountry "DEN"]
[SourceTitle "Live v. Kasper Jerwiarz"]
[WhiteTeam "Nordkalotten"]
[BlackTeam "Obro"]

1. Nf3 d5 2. c4 d4 3. g3 c5 4. b4 Nf6 5. Bg2 e6 6. bxc5 Nc6 7. O-O Be7 8. d3
O-O 9. Nbd2 e5 10. Rb1 h6 11. Ba3 Re8 12. Ne1 Qc7 13. Nc2 Bd7 14. Ne4 Nxe4 15.
Bxe4 Rad8 16. e3 Bc8 17. Qh5 Bf8 18. exd4 exd4 19. f4 Rxe4 20. dxe4 d3 21. Ne3
Qa5 22. Rb3 Nd4 23. Qd1 Nxb3 24. Qxb3 Bxc5 25. Bxc5 Qxc5 26. Kf2 Qh5 27. Kg1
Qe2 28. Nd1 Bh3 0-1

[Event "Skakligaen 2022-23"]
[Site "Denmark"]
[Date "2023.03.25"]
[Round "8.8"]
[White "Skou, Niels"]
[Black "Ejsing, Esben"]
[Result "1-0"]
[WhiteElo "2119"]
[BlackElo "2116"]
[PlyCount "101"]
[EventDate "2022.10.29"]
[EventType "team-tourn"]
[EventRounds "9"]
[EventCountry "DEN"]
[SourceTitle "Live v. Kasper Jerwiarz"]
[WhiteTeam "Obro"]
[BlackTeam "Nordkalotten"]

1. d4 Nf6 2. c4 e6 3. Nc3 Bb4 4. e3 c5 5. Bd2 O-O 6. Nf3 b6 7. Bd3 cxd4 8. exd4
Bb7 9. O-O d5 10. Rc1 dxc4 11. Bxc4 Nc6 12. a3 Be7 13. Bf4 Rc8 14. Ba2 Na5 15.
Qd3 Bd6 16. Bg5 h6 17. Bh4 Re8 18. Rfe1 Bf4 19. Rcd1 g5 20. Bg3 Bxg3 21. hxg3
Kg7 22. Nd2 Nd5 23. Bb1 f5 24. Rc1 Nxc3 25. Rxc3 Qd5 26. Nf3 Rxc3 27. Qxc3 Rc8
28. Qb4 Nc6 29. Qd2 Rd8 30. Kh2 Kf6 31. b4 Nxd4 32. Qb2 e5 33. Re3 e4 34. Ba2
Qd6 35. Nxd4 Qxd4 36. Rc3 Ke5 37. Qc1 Qd2 38. Qa1 Qd4 39. Qc1 Qd2 40. Qa1 Rd4
41. Rc7 Bd5 42. Bxd5 Kxd5 43. Qf1 Rd3 44. Rxa7 f4 45. Rf7 Ke6 46. Rh7 e3 47.
Rxh6+ Kf5 48. fxe3 Rxe3 49. gxf4 Re1 50. Qb5+ Kxf4 51. Rf6+ 1-0

[Event "Skakligaen 2022-23"]
[Site "Denmark"]
[Date "2023.03.25"]
[Round "8.1"]
[White "Petersen, Tom Petri"]
[Black "Neiksans, Arturs"]
[Result "0-1"]
[WhiteElo "2300"]
[BlackElo "2594"]
[PlyCount "122"]
[EventDate "2022.10.29"]
[EventType "team-tourn"]
[EventRounds "9"]
[EventCountry "DEN"]
[SourceTitle "Live v. Kasper Jerwiarz"]
[WhiteTeam "Nordre"]
[BlackTeam "Koge"]

1. c4 e5 2. g3 c6 3. Bg2 d5 4. cxd5 cxd5 5. d4 e4 6. Nc3 Nc6 7. h4 h6 8. Nh3
Nf6 9. Nf4 Bb4 10. e3 Bxc3+ 11. bxc3 O-O 12. a4 Bg4 13. Qc2 Na5 14. Ba3 Re8 15.
Bb4 Nc4 16. a5 Rc8 17. Bh3 Bxh3 18. Rxh3 Qd7 19. h5 b6 20. a6 Nh7 21. g4 Qxg4
22. Qe2 Qg1+ 23. Qf1 Qxf1+ 24. Kxf1 Red8 25. Rg3 Rd7 26. Ke2 Ng5 27. Ng2 f6 28.
Nh4 Kf7 29. Rgg1 Rc6 30. Ra2 Rdc7 31. Rb1 Rc8 32. Rg1 Rd8 33. Rb1 Ke6 34. Ng6
Rc7 35. Nf4+ Kf7 36. Ba3 Ne6 37. Ng6 f5 38. Bb4 Ke8 39. Rg1 Rf7 40. Ne5 Nxe5
41. dxe5 Rc7 42. Rg6 Kf7 43. Kd2 Re8 44. Ra1 Ng5 45. Kc2 Re6 46. Rd1 Rxg6 47.
hxg6+ Ke6 48. Bd6 Rc8 49. c4 Nf3 50. Kb2 Rxc4 51. Bb8 Rc8 52. Bxa7 Ra8 53. Bxb6
Rb8 54. Ra1 Rxb6+ 55. Kc3 Rb8 56. a7 Ra8 57. Kb4 d4 58. exd4 Nxd4 59. Kc4 Nc6
60. Ra6 Rxa7 61. Rxc6+ Kxe5 0-1

[Event "Skakligaen 2022-23"]
[Site "Denmark"]
[Date "2023.03.25"]
[Round "8.2"]
[White "Thybo, Jesper Sondergaard"]
[Black "Sloth, Jorn"]
[Result "1-0"]
[WhiteElo "2498"]
[BlackElo "2296"]
[PlyCount "81"]
[EventDate "2022.10.29"]
[EventType "team-tourn"]
[EventRounds "9"]
[EventCountry "DEN"]
[SourceTitle "Live v. Kasper Jerwiarz"]
[WhiteTeam "Koge"]
[BlackTeam "Nordre"]

1. Nf3 Nf6 2. g3 b6 3. d4 Bb7 4. c4 e6 5. Bg2 Bb4+ 6. Bd2 a5 7. O-O O-O 8. Bf4
Be7 9. Qc2 Be4 10. Qc1 Na6 11. Nc3 Bb7 12. Rd1 d6 13. a3 Ne4 14. Nxe4 Bxe4 15.
Qe3 Bb7 16. Qd3 f5 17. Ne1 Bxg2 18. Nxg2 Bf6 19. Bd2 Qe8 20. b4 c5 21. b5 Nc7
22. dxc5 dxc5 23. Bc3 Rd8 24. Qf3 Qe7 25. Bxf6 Rxf6 26. Rxd8+ Qxd8 27. Ne3 Qc8
28. Qf4 Ne8 29. Rd1 Rf7 30. Qe5 Kf8 31. Rd3 Re7 32. g4 Qc7 33. Qxc7 Rxc7 34.
gxf5 exf5 35. Nxf5 g6 36. Ne3 Nf6 37. Rd6 Nd7 38. Nd5 Rb7 39. f4 Ke8 40. Re6+
Kf7 41. Re7+ 1-0

[Event "Skakligaen 2022-23"]
[Site "Denmark"]
[Date "2023.03.25"]
[Round "8.3"]
[White "Christensen, Jan Schleicher"]
[Black "Rozentalis, Eduardas"]
[Result "0-1"]
[WhiteElo "2167"]
[BlackElo "2500"]
[PlyCount "70"]
[EventDate "2022.10.29"]
[EventType "team-tourn"]
[EventRounds "9"]
[EventCountry "DEN"]
[SourceTitle "Live v. Kasper Jerwiarz"]
[WhiteTeam "Nordre"]
[BlackTeam "Koge"]

1. d4 Nf6 2. Nf3 e6 3. g3 b5 4. a4 b4 5. c4 Bb7 6. Bg2 c5 7. d5 exd5 8. Nh4 d6
9. cxd5 g6 10. O-O Bg7 11. Nd2 O-O 12. Nc4 Ba6 13. Qc2 Bxc4 14. Qxc4 Nbd7 15.
e4 Ne5 16. Qc2 c4 17. Nf3 b3 18. Qe2 Nxf3+ 19. Bxf3 Rc8 20. Be3 Re8 21. Rac1
Qc7 22. Bd4 Nxd5 23. Bxg7 Kxg7 24. Rfd1 Nb4 25. Bg4 Na2 26. Bxc8 Nxc1 27. Rxc1
Rxc8 28. h4 Qc5 29. Rc3 h5 30. Qd2 Re8 31. Re3 Re6 32. Qc3+ Kg8 33. Kg2 d5 34.
exd5 Rxe3 35. fxe3 Qxd5+ 0-1

[Event "Skakligaen 2022-23"]
[Site "Denmark"]
[Date "2023.03.25"]
[Round "8.4"]
[White "Danielsen, Henrik"]
[Black "Andersen, Thomas Klitgaard"]
[Result "1-0"]
[WhiteElo "2496"]
[BlackElo "2137"]
[PlyCount "95"]
[EventDate "2022.10.29"]
[EventType "team-tourn"]
[EventRounds "9"]
[EventCountry "DEN"]
[SourceTitle "Live v. Kasper Jerwiarz"]
[WhiteTeam "Koge"]
[BlackTeam "Nordre"]

1. d4 d5 2. Bf4 Nf6 3. e3 e6 4. Nf3 Bd6 5. Nbd2 Bxf4 6. exf4 c5 7. dxc5 Qc7 8.
g3 Qxc5 9. Bd3 Nbd7 10. O-O O-O 11. c3 Qc7 12. Nb3 Nc5 13. Bc2 Nxb3 14. axb3
Bd7 15. Qd4 a6 16. Rfe1 Rad8 17. Ne5 Rfe8 18. f3 Bc8 19. Rad1 Qe7 20. b4 Nd7
21. Nd3 Nb8 22. Qb6 Rd6 23. Qf2 Red8 24. f5 Qf6 25. fxe6 Bxe6 26. Nc5 Bc8 27.
Ba4 g6 28. Rd4 b5 29. Bb3 Nc6 30. Rd2 a5 31. bxa5 Nxa5 32. Rde2 h5 33. Ba2 Bf5
34. Qd4 Qxd4+ 35. cxd4 Nc6 36. Nb7 Nxd4 37. Re8+ Kg7 38. Rxd8 Rxd8 39. Nxd8
Nxf3+ 40. Kf2 Nxe1 41. Kxe1 Be4 42. Nc6 Kf6 43. b4 Kf5 44. Kf2 h4 45. gxh4 Kg4
46. Nd4 Kxh4 47. Nxb5 Kh3 48. Kg1 1-0

[Event "Skakligaen 2022-23"]
[Site "Denmark"]
[Date "2023.03.25"]
[Round "8.5"]
[White "Abildlund, Jens"]
[Black "Chatalbashev, Boris"]
[Result "0-1"]
[WhiteElo "2183"]
[BlackElo "2488"]
[PlyCount "68"]
[EventDate "2022.10.29"]
[EventType "team-tourn"]
[EventRounds "9"]
[EventCountry "DEN"]
[SourceTitle "Live v. Kasper Jerwiarz"]
[WhiteTeam "Nordre"]
[BlackTeam "Koge"]

1. d4 Nf6 2. Nf3 g6 3. c4 Bg7 4. Nc3 d5 5. Bg5 Ne4 6. h4 c6 7. e3 Qa5 8. cxd5
cxd5 9. Bb5+ Bd7 10. Qa4 Qxa4 11. Bxa4 Nxc3 12. Bxd7+ Nxd7 13. bxc3 Rc8 14. Kd2
f6 15. Bf4 e5 16. Bg3 Nb6 17. h5 e4 18. Nh4 Kf7 19. f3 Rhe8 20. hxg6+ hxg6 21.
Bf2 Nc4+ 22. Ke2 Na3 23. Rac1 Re6 24. Rhd1 Nb5 25. Be1 Nd6 26. Bg3 Nc4 27. Bf2
Nb2 28. Rd2 Na4 29. c4 Rxc4 30. Rxc4 dxc4 31. d5 Nc3+ 32. Kf1 Rd6 33. Rd4 b5
34. Be1 Nxd5 0-1

[Event "Skakligaen 2022-23"]
[Site "Denmark"]
[Date "2023.03.25"]
[Round "8.6"]
[White "Smith, Axel"]
[Black "Hoiberg, Nina"]
[Result "1-0"]
[WhiteElo "2402"]
[BlackElo "2144"]
[PlyCount "57"]
[EventDate "2022.10.29"]
[EventType "team-tourn"]
[EventRounds "9"]
[EventCountry "DEN"]
[SourceTitle "Live v. Kasper Jerwiarz"]
[WhiteTeam "Koge"]
[BlackTeam "Nordre"]

1. d4 d6 2. Nf3 Bg4 3. e4 Nd7 4. h3 Bh5 5. Qe2 c6 6. g4 Bg6 7. Bg2 e6 8. Bf4
Ngf6 9. Nbd2 d5 10. e5 Ne4 11. O-O Be7 12. Nb3 h5 13. Qe3 hxg4 14. hxg4 Nb6 15.
Nbd2 Rc8 16. c3 Na4 17. Nxe4 dxe4 18. Nd2 c5 19. Nxe4 cxd4 20. cxd4 Nxb2 21. d5
Bxe4 22. Bxe4 Bc5 23. Qf3 Qe7 24. d6 Qd8 25. Kg2 Bd4 26. Rh1 Rxh1 27. Rxh1 Qb6
28. Bg5 Bxe5 29. Rh8+ 1-0

[Event "Skakligaen 2022-23"]
[Site "Denmark"]
[Date "2023.03.25"]
[Round "8.7"]
[White "Holst, Per"]
[Black "Ahlander, Bjorn"]
[Result "0-1"]
[WhiteElo "2075"]
[BlackElo "2406"]
[PlyCount "78"]
[EventDate "2022.10.29"]
[EventType "team-tourn"]
[EventRounds "9"]
[EventCountry "DEN"]
[SourceTitle "Live v. Kasper Jerwiarz"]
[WhiteTeam "Nordre"]
[BlackTeam "Koge"]

1. d4 e6 2. Nf3 d5 3. c4 a6 4. cxd5 exd5 5. Bf4 Bd6 6. Bg3 Nf6 7. Nc3 c6 8. e3
O-O 9. Bd3 Re8 10. O-O Bxg3 11. hxg3 Nbd7 12. Qc2 Qe7 13. Rfe1 Ne4 14. Rab1 a5
15. a3 Ndf6 16. Ne5 g6 17. Nxe4 dxe4 18. Bc4 Be6 19. Bxe6 Qxe6 20. Qc5 Nd5 21.
Rbc1 a4 22. Re2 Ra6 23. Nc4 Rd8 24. Nd2 Qg4 25. Ree1 Re8 26. Qc4 Re6 27. Qe2
Qg5 28. Rc5 Qe7 29. Nb1 Nf6 30. Rec1 h5 31. Nc3 Kg7 32. Na2 Nd7 33. R5c3 Ra5
34. Nb4 Rf5 35. d5 cxd5 36. Rc7 Qd6 37. Rxb7 Ne5 38. Qd2 Ref6 39. Rf1 Ng4 0-1

[Event "Skakligaen 2022-23"]
[Site "Denmark"]
[Date "2023.03.25"]
[Round "8.8"]
[White "Meskenas, Paulius"]
[Black "Pedersen, Peer Ole"]
[Result "1-0"]
[WhiteElo "2038"]
[BlackElo "2085"]
[PlyCount "47"]
[EventDate "2022.10.29"]
[EventType "team-tourn"]
[EventRounds "9"]
[EventCountry "DEN"]
[SourceTitle "Live v. Kasper Jerwiarz"]
[WhiteTeam "Koge"]
[BlackTeam "Nordre"]

1. e4 e5 2. Nf3 Nc6 3. Bc4 Nf6 4. d3 Be7 5. c3 O-O 6. O-O d6 7. Re1 Be6 8. Bxe6
fxe6 9. Qb3 Qd7 10. d4 exd4 11. cxd4 d5 12. Nc3 Bb4 13. exd5 exd5 14. Bg5 Bxc3
15. bxc3 Na5 16. Qb4 b6 17. Re7 Qg4 18. h3 Qh5 19. Rxc7 Ne4 20. Qb5 Qg6 21.
Qxd5+ Kh8 22. Re1 Rae8 23. Be7 Nxf2 24. Kxf2 1-0

[Event "Skakligaen 2022-23"]
[Site "Denmark"]
[Date "2023.03.26"]
[Round "9.1"]
[White "Neiksans, Arturs"]
[Black "Hansen, Sune Berg"]
[Result "1-0"]
[WhiteElo "2594"]
[BlackElo "2525"]
[PlyCount "85"]
[EventDate "2022.10.29"]
[EventType "team-tourn"]
[EventRounds "9"]
[EventCountry "DEN"]
[SourceTitle "Live v. Kasper Jerwiarz"]
[WhiteTeam "Koge"]
[BlackTeam "Hillerod"]

1. d4 Nf6 2. Nf3 d5 3. c4 e6 4. g3 Bb4+ 5. Bd2 Be7 6. Bg2 O-O 7. O-O c6 8. Qc2
Nbd7 9. Bf4 a5 10. Rd1 h6 11. Nc3 dxc4 12. Nd2 Nb6 13. e4 a4 14. a3 Re8 15. Bf1
Bf8 16. Rac1 Bd7 17. Nxc4 Nxc4 18. Bxc4 Qa5 19. Ba2 b5 20. Bb1 g6 21. Qd2 Kh7
22. h4 b4 23. axb4 Qxb4 24. e5 Ng8 25. h5 Reb8 26. hxg6+ fxg6 27. Qd3 Be8 28.
Ba2 Qe7 29. Rb1 Rb4 30. d5 Bg7 31. d6 Qd7 32. Ne4 Rb5 33. Bc4 Rba5 34. Re1 Bf7
35. Rbd1 Kh8 36. Kg2 Rb8 37. Rd2 c5 38. Rh1 Qc6 39. f3 Ra7 40. Ng5 Qd7 41. Ne4
Qc6 42. Qe3 Rb4 43. Ba2 1-0

[Event "Skakligaen 2022-23"]
[Site "Denmark"]
[Date "2023.03.26"]
[Round "9.2"]
[White "Schandorff, Lars"]
[Black "Thybo, Jesper Sondergaard"]
[Result "1/2-1/2"]
[WhiteElo "2476"]
[BlackElo "2498"]
[PlyCount "58"]
[EventDate "2022.10.29"]
[EventType "team-tourn"]
[EventRounds "9"]
[EventCountry "DEN"]
[SourceTitle "Live v. Kasper Jerwiarz"]
[WhiteTeam "Hillerod"]
[BlackTeam "Koge"]

1. Nf3 c5 2. c4 Nf6 3. Nc3 e6 4. e3 a6 5. d4 d5 6. cxd5 exd5 7. Be2 Nc6 8. O-O
Bd6 9. dxc5 Bxc5 10. a3 O-O 11. b4 Ba7 12. Bb2 Be6 13. Rc1 d4 14. exd4 Nxd4 15.
Nxd4 Qxd4 16. Qxd4 Bxd4 17. Bf3 Rab8 18. Rfd1 Rfd8 19. Na4 Bxb2 20. Nxb2 Bd5
21. Bxd5 Nxd5 22. Na4 Nf4 23. Kf1 Ne6 24. Nc5 Rxd1+ 25. Rxd1 Nxc5 26. bxc5 Rc8
27. Rd7 g6 28. Rxb7 Rxc5 29. Rb3 h5 1/2-1/2

[Event "Skakligaen 2022-23"]
[Site "Denmark"]
[Date "2023.03.26"]
[Round "9.3"]
[White "Rozentalis, Eduardas"]
[Black "Percivaldi, Martin"]
[Result "1-0"]
[WhiteElo "2500"]
[BlackElo "2400"]
[PlyCount "75"]
[EventDate "2022.10.29"]
[EventType "team-tourn"]
[EventRounds "9"]
[EventCountry "DEN"]
[SourceTitle "Live v. Kasper Jerwiarz"]
[WhiteTeam "Koge"]
[BlackTeam "Hillerod"]

1. e4 e6 2. d4 d5 3. Nd2 c5 4. Ngf3 cxd4 5. exd5 Qxd5 6. Bc4 Qd7 7. O-O Nc6 8.
Nb3 a6 9. a4 Nf6 10. Qe2 Qc7 11. Rd1 Bd7 12. Nbxd4 Nxd4 13. Rxd4 Bd6 14. Bg5
Bc6 15. Bxf6 gxf6 16. Bd5 Bd7 17. Bxb7 Qxb7 18. Rxd6 Qxb2 19. Rad1 Rd8 20. h3
Ke7 21. Nh4 Qb7 22. Nf5+ Kf8 23. Ne3 a5 24. Qd2 Ke7 25. Qxa5 Rhg8 26. Qc5 Ke8
27. a5 Rg5 28. Qb6 Rb5 29. Qd4 Rxa5 30. Qxf6 Qe4 31. Ng4 Rf5 32. Qc3 Ke7 33.
Qc7 Qa4 34. R6d4 Qb5 35. c4 Qa4 36. c5 Qb5 37. Qd6+ Ke8 38. c6 1-0

[Event "Skakligaen 2022-23"]
[Site "Denmark"]
[Date "2023.03.26"]
[Round "9.4"]
[White "Borge, Nikolaj"]
[Black "Danielsen, Henrik"]
[Result "1/2-1/2"]
[WhiteElo "2388"]
[BlackElo "2496"]
[PlyCount "100"]
[EventDate "2022.10.29"]
[EventType "team-tourn"]
[EventRounds "9"]
[EventCountry "DEN"]
[SourceTitle "Live v. Kasper Jerwiarz"]
[WhiteTeam "Hillerod"]
[BlackTeam "Koge"]

1. e4 e5 2. Nf3 Nf6 3. d4 Nxe4 4. Bd3 d5 5. Nxe5 Nd7 6. Nxd7 Bxd7 7. O-O Bd6 8.
Nc3 Nxc3 9. bxc3 O-O 10. Qh5 f5 11. Rb1 b6 12. Qf3 Qf6 13. Re1 Qf7 14. Bf4 Rae8
15. Kf1 g6 16. Qg3 Qf6 17. h4 Bxf4 18. Qxf4 Qd6 19. Qxd6 cxd6 20. Bb5 Rxe1+ 21.
Kxe1 Be6 22. Kd2 Kf7 23. Be2 Rb8 24. Bf3 Ke7 25. Re1 Kf6 26. g3 h6 27. Kc1 Rc8
28. Kb2 Rc7 29. Kb3 Kf7 30. Be2 Bc8 31. Bd3 Bd7 32. f3 Rc8 33. Ba6 Re8 34. Rxe8
Kxe8 35. Bb7 Be6 36. Bc6+ Kd8 37. f4 Bf7 38. Bb5 Kc7 39. Ba6 Be8 40. Kb4 Bc6
41. Be2 h5 42. Bf3 a5+ 43. Kb3 b5 44. Kb2 Kb6 45. Kc1 a4 46. a3 Ka5 47. Kd2 Kb6
48. Bg2 Kc7 49. Ke3 Kd8 50. Kd2 Kc7 1/2-1/2

[Event "Skakligaen 2022-23"]
[Site "Denmark"]
[Date "2023.03.26"]
[Round "9.5"]
[White "Chatalbashev, Boris"]
[Black "Storme, Isak"]
[Result "1/2-1/2"]
[WhiteElo "2488"]
[BlackElo "2424"]
[PlyCount "104"]
[EventDate "2022.10.29"]
[EventType "team-tourn"]
[EventRounds "9"]
[EventCountry "DEN"]
[SourceTitle "Live v. Kasper Jerwiarz"]
[WhiteTeam "Koge"]
[BlackTeam "Hillerod"]

1. Nf3 d5 2. g3 Nf6 3. Bg2 e6 4. O-O Be7 5. c4 O-O 6. b3 c5 7. Bb2 Nc6 8. cxd5
exd5 9. d4 Ne4 10. Nc3 Bf6 11. Na4 cxd4 12. Nxd4 Bd7 13. Rc1 Rc8 14. Nc5 Qe7
15. Nxd7 Qxd7 16. Bxe4 Bxd4 17. Rxc6 Bxb2 18. Rxc8 Rxc8 19. Bxd5 Rc1 20. Qd3
Rxf1+ 21. Kxf1 g6 22. Kg2 Kg7 23. e4 b6 24. Qd2 Bf6 25. f4 Qc7 26. e5 Be7 27.
h4 Ba3 28. e6 fxe6 29. Bxe6 Qe7 30. Qd4+ Qf6 31. Qe4 Bc5 32. f5 Qa1 33. Qf3
Qxa2+ 34. Kh3 Qf2 35. f6+ Kh6 36. Qxf2 Bxf2 37. b4 Bd4 38. g4 g5 39. f7 Bg7 40.
b5 gxh4 41. Kxh4 Bf8 42. Kg3 Kg5 43. Kf3 h5 44. gxh5 Kxh5 45. Kf4 Kg6 46. Ke5
Kg7 47. Bc4 Bc5 48. Ke6 Kf8 49. Kd7 Bd4 50. Kc6 Be3 51. Kb7 Bd4 52. Kxa7 Be3
1/2-1/2

[Event "Skakligaen 2022-23"]
[Site "Denmark"]
[Date "2023.03.26"]
[Round "9.6"]
[White "Ostergaard, Jens"]
[Black "Smith, Axel"]
[Result "1/2-1/2"]
[WhiteElo "2253"]
[BlackElo "2402"]
[PlyCount "129"]
[EventDate "2022.10.29"]
[EventType "team-tourn"]
[EventRounds "9"]
[EventCountry "DEN"]
[SourceTitle "Live v. Kasper Jerwiarz"]
[WhiteTeam "Hillerod"]
[BlackTeam "Koge"]

1. d4 f5 2. Nf3 Nf6 3. g3 g6 4. Bg2 Bg7 5. O-O O-O 6. c4 d6 7. Nc3 Qe8 8. d5
Na6 9. Nd4 Bd7 10. Rb1 c6 11. b3 Nc7 12. Bb2 c5 13. Nc2 g5 14. f4 Qg6 15. Qd3
Rae8 16. e3 h6 17. a3 b6 18. b4 Kh7 19. bxc5 dxc5 20. a4 g4 21. Ba1 Rb8 22. Nb5
Bxb5 23. axb5 Nce8 24. Be5 Nd6 25. Ra1 Rb7 26. Na3 Nfe4 27. Nb1 Nf7 28. Bxg7
Kxg7 29. Nc3 Nfd6 30. Ra4 h5 31. Rfa1 Ra8 32. Nxe4 fxe4 33. Qc3+ Kh6 34. Qe5
Rd7 35. Kf2 Rc7 36. h3 gxh3 37. Bxh3 Qf6 38. Be6 Rf8 39. Qxf6+ exf6 40. Rxa7
Rxa7 41. Rxa7 f5 42. Rd7 Nxc4 43. d6 Na5 44. Rc7 Kg6 45. Bd5 c4 46. Bxc4 Rd8
47. Bf7+ Kf6 48. Bxh5 Rxd6 49. g4 fxg4 50. Bxg4 Rd2+ 51. Be2 Rd6 52. Rc8 Nb3
53. Bc4 Na5 54. Bf1 Nb3 55. Bg2 Nc5 56. Re8 Rd2+ 57. Kf1 Rb2 58. Bxe4 Rxb5 59.
Bd5 Nd3 60. Bc4 Rb1+ 61. Kg2 Nc5 62. e4 b5 63. Re5 Nxe4 64. Rxe4 bxc4 65. Rxc4
1/2-1/2

[Event "Skakligaen 2022-23"]
[Site "Denmark"]
[Date "2023.03.26"]
[Round "9.7"]
[White "Ahlander, Bjorn"]
[Black "Jaksland, Tim"]
[Result "1/2-1/2"]
[WhiteElo "2406"]
[BlackElo "2100"]
[PlyCount "82"]
[EventDate "2022.10.29"]
[EventType "team-tourn"]
[EventRounds "9"]
[EventCountry "DEN"]
[SourceTitle "Live v. Kasper Jerwiarz"]
[WhiteTeam "Koge"]
[BlackTeam "Hillerod"]

1. d4 Nf6 2. c4 c5 3. d5 b5 4. cxb5 a6 5. e3 e6 6. Nc3 exd5 7. Nxd5 Bb7 8.
Nxf6+ Qxf6 9. Nf3 Be7 10. Be2 axb5 11. Bxb5 O-O 12. O-O Rd8 13. e4 Bxe4 14. Bg5
Qe6 15. Re1 d5 16. Qe2 f6 17. Bf4 Bd6 18. Qe3 Bxf4 19. Qxf4 Qd6 20. Qxd6 Rxd6
21. Nd2 Bg6 22. a4 Nc6 23. Rac1 Nd4 24. Rxc5 Nxb5 25. axb5 Ra2 26. Nb3 d4 27.
b6 Rxb6 28. Nxd4 Raxb2 29. Rc8+ Kf7 30. Rc7+ Kg8 31. Rc8+ Kf7 32. Rc7+ Kg8 33.
f4 Rb1 34. Rxb1 Rxb1+ 35. Kf2 Rb8 36. g4 Ra8 37. h3 Ra2+ 38. Kg3 Ra3+ 39. Kh2
Ra2+ 40. Kg3 Ra3+ 41. Kh2 Ra2+ 1/2-1/2

[Event "Skakligaen 2022-23"]
[Site "Denmark"]
[Date "2023.03.26"]
[Round "9.8"]
[White "Pedersen, Jan Nordenbaek"]
[Black "Meskenas, Paulius"]
[Result "0-1"]
[WhiteElo "2132"]
[BlackElo "2038"]
[PlyCount "76"]
[EventDate "2022.10.29"]
[EventType "team-tourn"]
[EventRounds "9"]
[EventCountry "DEN"]
[SourceTitle "Live v. Kasper Jerwiarz"]
[WhiteTeam "Hillerod"]
[BlackTeam "Koge"]

1. Nf3 Nf6 2. c4 c5 3. Nc3 g6 4. e4 d6 5. d4 cxd4 6. Nxd4 Bg7 7. Be2 O-O 8. O-O
Nc6 9. Be3 Bd7 10. Qd2 Rc8 11. f3 Ne5 12. b3 a6 13. Rfd1 Ne8 14. a4 f5 15. exf5
gxf5 16. Nd5 e6 17. Nf4 Qe7 18. Nh5 Bh8 19. Bh6 Rf7 20. Bg5 Qf8 21. Rac1 Ng6
22. Nf4 Nxf4 23. Bxf4 Bxd4+ 24. Qxd4 e5 25. Bxe5 dxe5 26. Qxe5 Qc5+ 27. Qxc5
Rxc5 28. Kf2 a5 29. Rd5 Rxd5 30. cxd5 Kf8 31. Bc4 Re7 32. Rd1 Nd6 33. Rd4 Ke8
34. Bd3 Kd8 35. g4 Kc7 36. gxf5 Bxf5 37. Bxf5 Nxf5 38. Rf4 Re5 0-1

[Event "Skakligaen 2022-23"]
[Site "Denmark"]
[Date "2023.03.26"]
[Round "9.1"]
[White "Bjerre, Jonas Buhl"]
[Black "Hillarp Persson, Tiger"]
[Result "1/2-1/2"]
[WhiteElo "2612"]
[BlackElo "2511"]
[PlyCount "100"]
[EventDate "2022.10.29"]
[EventType "team-tourn"]
[EventRounds "9"]
[EventCountry "DEN"]
[SourceTitle "Live v. Kasper Jerwiarz"]
[WhiteTeam "Skanderborg"]
[BlackTeam "Bronshoj"]

1. e4 c5 2. Nf3 d6 3. Bb5+ Nd7 4. d4 cxd4 5. Nxd4 Ngf6 6. Bd3 a6 7. O-O e6 8.
c4 Be7 9. Nc3 O-O 10. Be3 Ne5 11. Be2 Re8 12. Rc1 Bd7 13. h3 Rc8 14. b3 Qc7 15.
Qd2 Qb8 16. Rfd1 Ng6 17. a4 h6 18. Nf3 Bc6 19. Qd4 Ne5 20. b4 Bd7 21. b5 Nxf3+
22. Bxf3 e5 23. Qd3 Be6 24. Nd5 Bxd5 25. cxd5 axb5 26. axb5 Rxc1 27. Rxc1 Rc8
28. Ra1 Qc7 29. b6 Qd7 30. Ra7 h5 31. Bd1 Bd8 32. Ba4 Qe7 33. Bc6 Rb8 34. Qc4
Kh7 35. Qa4 Kg6 36. Qa5 Nxe4 37. Bxb7 Qh4 38. Qe1 f5 39. Qe2 f4 40. Bd4 Nf6 41.
Ra8 Rxa8 42. Bxa8 exd4 43. b7 Bc7 44. Qc2+ d3 45. Qxc7 Ne4 46. b8=Q Qxf2+ 47.
Kh2 Qg3+ 48. Kg1 Qe3+ 49. Kh2 Qg3+ 50. Kg1 Qe3+ 1/2-1/2